000 00388 a2200145 4500
001 170635
020 _a
040 _cMagnum
100 _aAgencia Regional de Noticias
240 1 0 _aClipping em educacao - 13/09/01 a 23/09/01 - ano iii - nº 104
_lpor
245 1 0 _aClipping em educacao - 13/09/01 a 23/09/01 - ano iii - nº 104
362 0 _a1899
697 _aENSINO
942 _cBK
999 _c170635
_d170635